| 000 | 00696cam a22002413a 4500 | ||
|---|---|---|---|
| 001 | 18847 | ||
| 003 | PGUSA | ||
| 005 | 20140828083412.0 | ||
| 008 | 060716s2006||||xxu|||||s|||||000 1 eng d | ||
| 040 |
_aPGUSA _beng |
||
| 042 | _adc | ||
| 050 | 4 | _aPS | |
| 100 | 1 |
_aCrawford, F. Marion _q(Francis Marion), _d1854-1909 |
|
| 245 | 1 | 4 |
_aThe White Sister _h[electronic resource] / _cF. Marion Crawford |
| 260 |
_bProject Gutenberg, _c2006 |
||
| 506 | _aPublic domain in the USA. | ||
| 516 | _aElectronic text | ||
| 653 | _aNuns -- Fiction | ||
| 653 | _aMan-woman relationships -- Fiction | ||
| 830 | 0 |
_aProject Gutenberg _v18847 |
|
| 856 | 4 | 0 | _uhttp://www.gutenberg.org/ebooks/18847 |
| 942 | _cEB | ||
| 999 |
_c248102 _d248102 |
||